000
00383nam a22001697a 4500
003
MPLRDC
005
20220104144017.0
008
210129b ||||| |||| 00| 0 eng d
082
_a
192.3 SSH c.2
100
_a
宋书慧编译
245
_a
少女修养
_c
250
_a
初版
260
_a
_b
满庭芳书局
_c
1985
300
_b
平
650
_a
942
_c
BK
_o
192.3 SSH c.2
999
_c
45508
_d
45498